Estadísticas para Cosas que considero que todo el mundo debería saber

Haz click aquí para intentar la prueba.

Estadísticas generales

  • Esta prueba ha sido intentada 73 veces
    (43 desde el último reinicio)
  • La puntuación promedio es 13 de 30

Estadísticas de respuestas

HintRespuesta% Correcto
Cual es el continente con más paísesÁfrica
85%
Ex-Líder de la union sovietica, su nombre es iosif...Iosif stalin
82%
País más pequeño del mundoCiudad del vaticano
79%
3 mayores potencias actuales (nombra 1 de ellas)China, Rusia y E.E.U.U
77%
País más poblado del mundo (1.417 millones de habitantes a final de 2022)India
77%
Serbia, Macedonia, Eslovenia, Croacia, Bosnia y Montenegro.Yugoslavia
74%
Que evento histórico comenzó con el asesinato del archiduque de austriahungríaPrimera guerra mundial
72%
"The origin of species"Charles Darwin
69%
Le robó la bombilla a tesla (como invento)Thomas alva edison
64%
Capital del imperio Bizantino (nombre actual)Estambul
62%
País que solo hace frontera con Sudáfrica y Mozambique, su capital es MbabaneSuazilandia
59%
Rusia, Kazajistan, Georgia, Azerbayan, Armenia, Ucrania, Bielorrusia, Estonia, Letonia, Lituania, Moldavia, Uzbekistan, Turkmenistan,Unión sovietica
59%
País con menor densidad de población del mundoMongolia
56%
¿Y su capital?Belgrado
54%
Capital del imperio BizantinoConstantinopla
54%
Máximo goleador de la historia del fútbolEl bicho
44%
Austriaco que inventó la radio, la bombilla y la ecuación trifásicaNikola tesla
38%
Famoso "filósofo" conocido por "predecir catástrofes"Nostradamus
33%
La bandera de este país colonial es un castillo rojo con una llave amarilla sobre un fondo blancoGibraltar
28%
Ex-primer ministro prusiano, frenó la union con el imperio romano germanicoOtto Von Bismark
28%
¿Nukualofa es la capital de que país?Tonga
28%
Famosa guerra entre Paraguay, Argentina y BrasilLa guerra de la triple alianza
23%
Capital de Sri lankaSri Jayawardenapura Kotte
21%
Checoslovaquia en inglésCzechoslovakia
15%
País con el nombre más largoReino Unido de Gran Bretaña e Irlanda del Norte
10%
Considerado mejor francotirador de la historia, mató a más de 500 personasSimo haya
10%
beelzebub es también nombrado como como el señor de que animalEl señor de las moscas
8%
Famosa teoría de Einstein, la relatividad... (las 2)General y especial
8%
Considerado el emperador más poderoso de china, en el anime "Shuumatsu no valkyrie" luchó contra hades (si a alguien le sirve de algo).Qin Shi Huang
8%
Guerra en la cual Simo Haya batalló contra los soviéticosLa guerra del invierno
3%

Distribución de puntuación

Porcentaje por número respondido

Porcentaje de gente con cada puntuación

Historial de tus puntuaciones

No has intentado esta prueba desde el último reinicio